Los pteridófitos de Colombia (Registro nro. 7527)

Detalles MARC
000 -CABECERA
Campo de control 01138nam a22002537a 4500
005 - FECHA Y HORA DE LA ULTIMA TRANSACCION
Campo de control 20130812113212.0
008 - ELEMENTOS DE LONGITUD FIJA—INFORMACION GENERAL
Campo de control 090721s2008 ck a frb 001 0 spa d
020 ## - ISBN
ISBN 9789587019964
041 ## - IDIOMA
Código de idioma para texto/pista de sonido o título separado Español
044 ## - PAÍS DE PUBLICACIÓN
País de publicación Colombia
082 04 - NUMERO DE CLASIFICACION DECIMAL DEWEY
Número de clasificación 587.09861
Número del ítem M977p
100 1# - ASIENTO PRINCIPAL--NOMBRE PERSONAL
Nombre personal Murillo Pulido, María Teresa
Afiliación Universidad Nacional de Colombia (Bogotá). Facultad de Ciencias
245 14 - MENCION DE TITULO
Título Los pteridófitos de Colombia
Mención de responsabilidad María Teresa Murillo-Pulido, José Murillo-Aldana, Andrea León-Parra
260 ## - PUBLICACION, DISTRIBUCION, ETC. (PIE DE IMPRENTA)
Lugar de publicación, distribución, etc. Bogotá
Nombre del editor, distribuidor, etc. Universidad Nacional de Colombia. Facultad de Ciencias. Instituto de Ciencias Naturales
Fecha de publicación, distribución, etc. 2008
300 ## - DESCRIPCION FISICA
Extensión 533 p.
Otros detalles físicos il.
Dimensiones 24 cm.
490 ## - MENCION DE SERIE
Mención de serie Biblioteca José Jerónimo Triana
Designación numérica/secuencial del volumen 18
504 ## - NOTA DE BIBLIOGRAFIA, ETC.
Nota de bibliografía Incluye referencias bibliográficas e índices
505 0# - NOTA DE CONTENIDO
Nota de contenido Introducción -- Ciclo de vida de un pteridofito -- Variabilidad morfológica -- Literatura consultada -- índice de nombres científicos -- Lista de taxones
650 17 - ASIENTO SECUNDARIO DE MATERIA - TERMINO TEMATICO
Término temático o nombre geográfico como elemento de entrada Pteridófitos
650 17 - ASIENTO SECUNDARIO DE MATERIA - TERMINO TEMATICO
Término temático o nombre geográfico como elemento de entrada Pteridófitos
Subdivisión geográfica Colombia
700 1# - ASIENTO SECUNDARIO - NOMBRE PERSONAL
Nombre personal Murillo Aldana, José Carmelo
Fechas asociadas con el nombre 1964-
700 1# - ASIENTO SECUNDARIO - NOMBRE PERSONAL
Nombre personal León Parra, Andrea
Fechas asociadas con el nombre 1980-
942 ## - ELEMENTOS ADICIONALES (KOHA)
Sistema de clasificación Dewey Decimal Classification
Tipo de ítem Impreso
Existencias
Withdrawn status Lost status Sistema de Clasificación Damaged status No para préstamo Colección Inventariado Ubicación Permanente Ubicación actual Fecha de adquisición Fuente de Valor Valor Total Checkouts Número topográfico Inventario / Código de Barras Date last seen Ejemplar Price effective from Forma de adquisición Tipo de material
    Dewey Decimal Classification     General Inventariado 2017 Bogotá Bogotá 12/08/2013 Instituto 39000.00   LB 587.09861 M977p 028496 12/08/2013 Ej. 1 12/08/2013   Libro
    Dewey Decimal Classification     General Inventariado 2017 Bogotá Bogotá 12/08/2013 Instituto 39000.00   LB 587.09861 M977p 058312 13/12/2013 Ej. 2 12/08/2013   Libro